01284nabaa22001937a 4500003000400000005001700004008004100021040000700062100002100069245019100090300001300281500003700294505046600331505008900797650002700886650003600913700002100949773012000970OSt20260130190337.0190701b xxu||||| |||| 00| 0 spa d cPJ aGrandal, Marcos 13aLa supresión de la figura del pronto despacho en la reconfiguración del silencio administrativo en la Ley Nacional de Procedimiento Administrativo /cMarcos Grandal, Camila Kusnier.  ap. 51-59 aCita: TR LALEY AR/DOC/2041/2025  aSumario: I. Introducción.— II. La figura del pronto despacho y el instituto del silencio negativo previo a su modificación por la ley 27.742.— III. Las modificaciones introducidas a la figura del pronto despacho y el instituto del silencio negativo por la ley 27.742. Incorporación del silencio positivo.— IV. Consideraciones sobre el nuevo paradigma del instituto del pronto despacho en el reclamo administrativo previo.— V. Reflexiones finales.  t¿Te interesa el texto completo? Comunicate al correo: koha@justierradelfuego.gov.ar 0aDERECHO ADMINISTRATIVO 0aSILENCIO DE LA ADMINISTRACIÓN aKusnier, Camila 0 02842dBuenos Aires : AbeledoPerrot, 2012-oDA121tDerecho administrativo. Nº 161 septiembre/octubre 2025z18510590